000 01063cam a2200313 i 4500
001 109947
005 20230410132934.0
008 130513b2008 sp a 000 0 spa
020 _a9788467230420 (Círculo de lectores)
020 _a9788481097269 (Galaxia Gutenberg)
050 1 4 _aB 1925
_bT639e 2008
082 0 0 _a190
100 1 _aTodorov, Tzvetan,
_d1939-
245 1 3 _aEl espíritu de la Ilustración /
_cTzvetan Todorov ; traducción de Noemí Sobregués.
260 _aBarcelona :
_bCírculo de Lectores :
_bGalaxia Gutenberg,
_c2008.
300 _a149 p. ;
_c21 cm.
504 0 _aaIncluye bibliografía.
500 _aTítulo original : L'esprit des lumières
650 0 _aEnlightenment.
650 0 _aPhilosophy, French |y 18th century.
651 0 _aFrance |x Intellectual life |y 18th century.
650 4 _aFilosofía moderna
_ySiglo XVIII.
650 4 _aIlustración.
650 4 _aSiglo de las luces.
650 4 _aPrimera Jornada de Catalogacion
700 1 _aaSobregués, Noemí,
_etr.
856 4 2 _3
_u
942 _2lcc
_cbk
999 _c90527
_d90527